000 00618nam a22002177a 4500
003 UA-OsUOA
001 42217
007 ta
008 20081203b un ||||| |||| 00| 0 ukr d
090 _a94(477).152 (К)
_bП11
942 _cBK
040 _aUA-OsUOA
_bukr
_cUA-OsUOA
_dUA-OsUOA
245 _aП'ятнадцятий Конгрес Українців Канади
_b10, 11,12, 13 жовтня 1986р.
300 _a242 с.
955 _a4
041 _aukr
080 _a94(477).152 (К)
260 _aВінніпег
650 7 _a9 Географія. Біографії. Історія
_2UDC
999 _c440716
_d440716